|
|
|
|
| LEADER |
01385nab#a2200469#ar4500 |
| 001 |
000108321 |
| 003 |
SVKKK |
| 005 |
20120604144718.0 |
| 008 |
120604c2011 xo |||||||||||||||b|slo |
| FMT |
|
|
|
| 015 |
|
|
|a SNBRB2012/06
|
| 038 |
|
|
|a SVKKK
|
| 040 |
|
|
|a SVKKK
|b slo
|e AACR2
|
| 041 |
0 |
|
|a slo
|b eng
|
| 044 |
|
|
|a xo
|c SK
|
| 080 |
|
|
|a 551.578.48
|x (234.372.4)
|2 1997
|
| 245 |
1 |
0 |
|a Rekonštrukcia historickej lavíny v Magurke s využitím moderných nástrojov GIS
|c Marek Biskupič ... [et al.]
|
| 300 |
|
|
|b Obr., tab.
|
| 504 |
|
|
|a Bibliogr. odkazy
|
| 546 |
|
|
|a Res. angl.
|
| 650 |
0 |
4 |
|a historická lavína
|x rekonštrukcia
|
| 650 |
0 |
4 |
|a lavíny
|
| 650 |
0 |
4 |
|a RAMMS model
|
| 651 |
|
4 |
|a Magurka (Slovensko)
|
| 651 |
|
4 |
|a Nízke Tatry (Slovensko)
|
| 700 |
1 |
|
|a Biskupič, Marek
|4 aut
|
| 700 |
1 |
|
|a Kyzek, Filip
|4 aut
|
| 700 |
1 |
|
|a Lizuch, Milan
|4 aut
|
| 700 |
1 |
|
|a Richnavský, Jozef
|4 aut
|
| 700 |
1 |
|
|a Žiak, Igor
|4 aut
|
| 700 |
1 |
|
|a Mudroň, Ivan
|4 aut
|
| 700 |
1 |
|
|a Devečka, Branislav
|4 aut
|
| 773 |
0 |
|
|t Životné prostredie
|g Roč. 45, č. 2 (2011), s. 83-88
|x 0044-4863
|
| 958 |
|
|
|a SK
|
| 958 |
|
|
|a NB
|
| 974 |
|
|
|a Va
|
| 992 |
|
|
|a RBX
|
| BAS |
|
|
|
| 852 |
|
|
|a SVKKK
|b BIB
|
| 856 |
4 |
1 |
|a http://www.elis.sk/index.php?page=shop.product_details&flypage=flypage.tpl&product_id=2513&category_id=83&option=com_virtuemart&Itemid=1
|
| EXP |
|
|
|
| 998 |
|
|
|a GEO
|